[Event "Panellinio Protathlima op 1st"]
[Site "Greece"]
[Date "2007.06.24"]
[Round "6"]
[White "Giannakis, Antonios"]
[Black "Triantafillidis, Athanasios"]
[Result "1-0"]
[WhiteElo "2085"]
[BlackElo "1820"]
[PlyCount "74"]
[EventDate "2007.06.20"]
[EventType "swiss"]
[EventRounds "7"]
[EventCountry "GRE"]
[SourceTitle "EXT 2009"]
[Source "ChessBase"]
[SourceDate "2008.11.26"]
[SourceVersion "1"]
[SourceVersionDate "2008.11.26"]
[SourceQuality "1"]

1. Nf3 d5 2. c4 c6 3. b3 Bf5 4. Bb2 e6 5. a3 Nf6 6. h3 Nbd7 7. d3 Qb6 8. Nbd2 Bd6 9. Qc2 h6 10. e4 dxe4 11. dxe4 Bh7 12. Bd3 Nc5 13. b4 Nxd3+ 14. Qxd3 Rd8 15. Qc2 Bf4 16. 0-0 0-0 17. Rfe1 Rd7 18. c5 Qd8 19. Nc4 Rd5 20. g3 Bc7 21. Kg2 Qb8 22. Bxf6 gxf6 23. Qc3 Rd7 24. Qxf6 Bg6 25. e5 Bd8 26. Qf4 Kg7 27. Nd6 b6 28. Rad1 Rc7 29. Qc4 b5 30. Qb3 a5 31. Nd4 a4 32. Qf3 Qa8 33. N6xb5 Rc8 34. Nd6 Rc7 35. b5 Qa5 36. b6 Rd7 37. Qxc6 Qxe1 1-0

[Event "Panellinio Protathlima op 1st"]
[Site "Greece"]
[Date "2007.06.22"]
[Round "3"]
[White "Triantafillidis, Athanasios"]
[Black "Vardakas, Stefanos"]
[Result "1/2-1/2"]
[WhiteElo "1820"]
[BlackElo "2041"]
[PlyCount "73"]
[EventDate "2007.06.20"]
[EventType "swiss"]
[EventRounds "7"]
[EventCountry "GRE"]
[SourceTitle "EXT 2009"]
[Source "ChessBase"]
[SourceDate "2008.11.26"]
[SourceVersion "1"]
[SourceVersionDate "2008.11.26"]
[SourceQuality "1"]

1. d4 f5 2. f4 Nf6 3. Nf3 e6 4. e3 b6 5. Bd3 Bb7 6. Nbd2 d6 7. Qe2 d5 8. Ne5 Be7 9. g4 Ne4 10. g5 g6 11. Ndf3 a6 12. Rg1 Bb4+ 13. Bd2 Nxd2 14. Nxd2 Nd7 15. Nxd7 Qxd7 16. c3 Bd6 17. Nf3 c5 18. Ne5 Bxe5 19. fxe5 c4 20. Bc2 Bc6 21. h4 Kf7 22. h5 Qe7 23. h6 Rhb8 24. Qd2 b5 25. Kf2 Rb7 26. Kf3 Rab8 27. a3 a5 28. Kf4 b4 29. axb4 axb4 30. Ra6 Bb5 31. Ra5 b3 32. Bd1 Ra7 33. Rxa7 Qxa7 34. Be2 Rb6 35. Rb1 Ra6 36. Qd1 Ra2 37. Qf1 1/2-1/2